Lot with its Applications/ (Record no. 196980)

MARC details
000 -LEADER
fixed length control field 00697nam a22002177a 4500
005 - DATE AND TIME OF LATEST TRANSACTION
control field 20231205171001.0
010 ## - LCCN (DPL NO)
LC control number ENG-137770
020 ## - INTERNATIONAL STANDARD BOOK NUMBER
International Standard Book Number 9789395422185
Terms of availability 350.00
035 ## - SYSTEM CONTROL NUMBER
System control number EN-121301
037 ## - SOURCE OF ACQUISITION
Source of stock number/acquisition DBAD
082 ## - DEWEY DECIMAL CLASSIFICATION NUMBER
Classification number 004.67
Edition number 2022
100 ## - MAIN ENTRY--PERSONAL NAME
Personal name Manish Kumar
245 ## - TITLE STATEMENT
Title Lot with its Applications/
Statement of responsibility, etc By Manish Kumar...[et.al]
260 ## - PUBLICATION, DISTRIBUTION, ETC. (IMPRINT)
Date of publication, distribution, etc 2022
Place of publication, distribution, etc Tamil nadu
Name of publisher, distributor, etc shanlax publications
270 ## - ADDRESS
Address 66 TPK Main Road vasantha nagar madurai-
City Tamilnadu
Postal code 625003
300 ## - PHYSICAL DESCRIPTION
Extent 223p.
Dimensions 25cm(Pbk)
700 ## - ADDED ENTRY--PERSONAL NAME
Personal name khushboo swarnima
9 (RLIN) 56146
Relator term 2nd author
700 ## - ADDED ENTRY--PERSONAL NAME
Personal name Sikha singh
Relator term 3rd autor
9 (RLIN) 57841
700 ## - ADDED ENTRY--PERSONAL NAME
Personal name G. Manikandan
9 (RLIN) 57842
942 ## - ADDED ENTRY ELEMENTS (KOHA)
Source of classification or shelving scheme Dewey Decimal Classification
Item type English Books
Classification part 004.67
Call number suffix MAN
Holdings
Withdrawn status Lost status Not for loan Collection code Home library Current library Date acquired Source of acquisition Cost, normal purchase price Full call number Barcode Copy number Cost, replacement price Koha item type
      Non-fiction Vinoba Puri Vinoba Puri 10/08/2023 DBAD/PUB 350.00 004.67 MAN EN-121301 1 350.00 English Books

© Delhi Public Library
Hit Counter
free hit counter